Viva el Obispo ¡carajo! (Record no. 26374)
[ view plain ]
| 000 -LEADER | |
|---|---|
| campo de control de longitud fija | 00837cac a2200241 a 4500 |
| 003 - IDENTIFICADOR DE NÚMERO DE CONTROL | |
| campo de control | CO-PeBPM |
| 005 - FECHA Y HORA DE LA ÚLTIMA TRANSACCIÓN | |
| campo de control | 20260126085330.0 |
| 008 - DATOS DE LONGITUD FIJA--INFORMACIÓN GENERAL | |
| campo de control de longitud fija | 231129s2007||||ck ||||||||||||| ||spa|| |
| 020 ## - NÚMERO INTERNACIONAL ESTÁNDAR DEL LIBRO | |
| Número Internacional Estándar del Libro | 9781604619133 |
| 040 ## - FUENTE DE CATALOGACIÓN | |
| Centro catalogador/agencia de origen | CO-PeBPM |
| Lengua de catalogación | spa |
| Centro/agencia transcriptor | CO-PeBPM |
| Normas de descripción | rda |
| 041 ## - CÓDIGO DE IDIOMA | |
| Código de lengua del texto/banda sonora o título independiente | spa |
| 082 04 - NÚMERO DE LA CLASIFICACIÓN DECIMAL DEWEY | |
| Número de clasificación | Co863 C133vi |
| Número de edición | 22 |
| 100 10 - ENTRADA PRINCIPAL--NOMBRE DE PERSONA | |
| Nombre de persona | Caicedo, Armando |
| Término indicativo de función/relación | autor |
| 245 14 - MENCIÓN DEL TÍTULO | |
| Título | Viva el Obispo ¡carajo! |
| Resto del título | : ¡Arrepiéntete! Algo divertido está por suceder |
| Mención de responsabilidad, etc. | / Armando Caicedo |
| 250 ## - MENCION DE EDICION | |
| Mención de edición | Primera edición |
| 260 ## - PUBLICACIÓN, DISTRIBUCIÓN, ETC. | |
| Lugar de publicación, distribución, etc. | Bogotá, Colombia |
| Nombre del editor, distribuidor, etc. | : AC Producciones |
| Fecha de publicación, distribución, etc. | , c2007 |
| 300 ## - DESCRIPCIÓN FÍSICA | |
| Extensión | 516 páginas |
| Dimensiones | 23 centimetros |
| 500 ## - NOTA GENERAL | |
| Nota general | Incluye índice |
| 650 14 - PUNTO DE ACCESO ADICIONAL DE MATERIA--TÉRMINO DE MATERIA | |
| Término de materia o nombre geográfico como elemento de entrada | Literatura colombiana |
| Fuente del encabezamiento o término | LEMB |
| 650 14 - PUNTO DE ACCESO ADICIONAL DE MATERIA--TÉRMINO DE MATERIA | |
| Término de materia o nombre geográfico como elemento de entrada | Novela colombiana |
| Fuente del encabezamiento o término | LEMB |
| 942 ## - ELEMENTOS DE ENTRADA SECUNDARIOS (KOHA) | |
| Fuente del sistema de clasificación o colocación | Clasificación Decimal Dewey |
| Tipo de ítem Koha | Libros |
| Estatus retirado | Estado de pérdida | Fuente del sistema de clasificación o colocación | Estado de daño | No para préstamo | Colección | Biblioteca de origen | Biblioteca actual | Fecha de adquisición | Fuente de adquisición | Total de préstamos | Signatura topográfica completa | Código de barras | Visto por última vez | Copia número | Precio de reemplazo | Tipo de ítem Koha |
|---|---|---|---|---|---|---|---|---|---|---|---|---|---|---|---|---|
| Clasificación Decimal Dewey | General | BIBLIOTECA PÚBLICA MUNICIPAL RAMON CORREA MEJIA | BIBLIOTECA PÚBLICA MUNICIPAL RAMON CORREA MEJIA | 02/08/2011 | Donación Biblioteca Nacional | Co863 C133vi | 30815 | 29/11/2023 | Ej. 1 | 29/11/2023 | Libros |